Visualizzazione normale
Vista MARC
- Balzani Romolo
di Personal Name
Records bibliografici associati: 1
001 - CONTROL NUMBER
- control field: 13337
003 - CONTROL NUMBER IDENTIFIER
- control field: IT-RoPau
005 - DATE AND TIME OF LATEST TRANSACTION
- control field: 20140213102133.0
008 - FIXED-LENGTH DATA ELEMENTS
- fixed length control field: 140213|| aca||aabn | a|a d
040 ## - CATALOGING SOURCE
- Original cataloging agency: IT-RoPau
- Transcribing agency: IT-RoPau
100 ## - HEADING--PERSONAL NAME
- Personal name: Balzani Romolo
- Miscellaneous information: Codice autore testo/musica SPICS: 13637
- Relator term: Autore testo/musica
- Name of part/section of a work: Er carettiere a vino - Barcarolo romano - L'eco der core
670 ## - SOURCE DATA FOUND
- Source citation: Work cat.: (IT-RoPau)100079: AA.VV. 794, Roma mia bella